Hirek [hírek!]
Elmentve itt :
| Dokumentumtípus: | Cikk |
|---|---|
| Megjelent: |
1982
|
| Sorozat: | Gondolat-jel
|
| Kulcsszavak: | Társadalomtudomány |
| Online Access: | http://acta.bibl.u-szeged.hu/11257 |
| LEADER | 00504nab a2200169 i 4500 | ||
|---|---|---|---|
| 001 | acta11257 | ||
| 005 | 20210707135235.0 | ||
| 008 | 161015s1982 hu o 0|| hun d | ||
| 022 | |a 1216-8033 | ||
| 040 | |a SZTE Egyetemi Kiadványok Repozitórium |b hun | ||
| 041 | |a hun | ||
| 245 | 0 | 0 | |a Hirek [hírek!] |h [elektronikus dokumentum] |
| 260 | |c 1982 | ||
| 300 | |a 22 | ||
| 490 | 0 | |a Gondolat-jel | |
| 695 | |a Társadalomtudomány | ||
| 856 | 4 | 0 | |u http://acta.bibl.u-szeged.hu/11257/1/gondolatjel_1982_5_022.pdf |z Dokumentum-elérés |